000 01728nam a22002417a 4500
008 240042t2024 xxk|||||o|||| 00| 0 eng d
041 _aeng
110 _aRoyal Institution of Chartered Surveyors
245 _aRICS CPD Consultation Document
_h[Electronic resource]
260 _aLondon,
_bRoyal Institution of Chartered Surveyors,
_cApril 2024
300 _a13p.
490 _aRICS Consultation
520 _aSeeking views and perspective on a proposed revised CPD framework for RICS members which we believe brings the profession more in line with other similar professions worldwide. This consultation is open to RICS members and non-members globally. Responses to this consultation will be shared with the RICS CPD Framework Steering Group and the Standards and Regulation Board for consideration before any final recommendations for change are made and approved by the Board. Consultation opened 25 April 2024 closed 18 July 2024. An April 2025 proposal on a new CPD framework was approved in May 2025
650 _aCONTINUING PROFESSIONAL DEVELOPMENT
650 _aSURVEYING PROFESSION
651 _aInternational
690 _aRICS
_96277
710 _aRoyal Institution of Chartered Surveyors
856 _uhttps://consultations.rics.org/gf2.ti/-/1625314/205326693.1/PDF/-/CPD%20consultation%20document%20April%202024.pdf
_zView the consultation document on RICS.org
856 _uhttps://consultations.rics.org/CPD_consultation_2024/consultationHome
_zView the RICS iConsult homepage on DCF
856 _uhttps://www.rics.org/news-insights/whats-new-in-rics-cpd-framework-rics-announces-cpd-framework-updates
_zRICS response to consultation on proposed revised CPD Framework May 2025
942 _n0
999 _c121919
_d121919